Dobré vládnutie na miestnej úrovni z pohľadu teórie a praxe diplomová práca
Na minha lista:
| Autor principal: | |
|---|---|
| Autor Corporativo: | |
| Outros Autores: | |
| Formato: | Livro |
| Idioma: | eslovaco |
| Publicado em: |
Bratislava
2023
|
| Tags: |
Sem tags, seja o primeiro a adicionar uma tag!
|
MARC
| LEADER | 00000nbm a2200000 4500 | ||
|---|---|---|---|
| 001 | 0293083 | ||
| 005 | 20231128104222.1 | ||
| 041 | 0 | |a slo | |
| 044 | |a SK | ||
| 245 | 1 | 0 | |a Dobré vládnutie na miestnej úrovni z pohľadu teórie a praxe |b diplomová práca |c Ema Šándorová ; školiteľ: Lukrécia Kováč Gerulová |
| 264 | 1 | |a Bratislava |c 2023 | |
| 300 | |a 73 s. | ||
| 100 | 1 | |a Šándorová, Ema | |
| 700 | 1 | |a Kováč Gerulová, Lukrécia, 1978- | |
| 710 | 2 | |a Národohospodárska fakulta EU. Katedra financií | |